| 000 | 00922nam a2200241Ia 4500 | ||
|---|---|---|---|
| 003 | Ost | ||
| 005 | 20260507075428.0 | ||
| 008 | 260507s9999||||xx |||||||||||||| ||und|| | ||
| 020 | _a9789957244255 | ||
| 040 | _cfsecg | ||
| 041 | _aara | ||
| 082 | _a332.1 | ||
| 100 |
_aطالب، علاء فرحان _eمؤلف |
||
| 245 | 0 |
_aادارة التحديات الاستراتيجية في البنوك / _c علاء فرحان طالب |
|
| 260 |
_aعمان: _bدار صفاء, _c2009 |
||
| 300 |
_a312 صفحة؛ _bإيضاحات ؛ _c25 سم |
||
| 504 | _aببليوغرافيا: ص.279-312 ملاحق ص.218 | ||
| 520 | _aالاطار النظري والمفاهيمي للدراسة، الجانب العلمي للدراسة، الاستنتاجات والتوصيات | ||
| 653 | _aادارة الاعمال | ||
| 653 | _aالبنوك | ||
| 653 | _aالتخطيط الإستراتيجي | ||
| 942 | _cكتاب | ||
| 999 |
_c44499 _d44499 |
||